000
003190000a22001450004500
003
MACL
040
_a
MACL
090
_c
31716
_d
31714
100
_a
Sudha Publications
245
_a
OBject Indian History
260
_b
Sudha Publications
_c
2001
650
_a
History
942
_c
BOOK
_k
954/Sud
951
_o
954/Sud BOOK
999
_c
31396
_d
31396